000 00530nmm a2200169Ia 4500
008 251105s9999||||xx |||||||||||||||||und||
020 _a9788481099560
041 _aspa
100 _aNar, Sami
245 0 _aLa lección tunecina : cómo la revolución de la Dignidad ha derrocado al poder mafioso
264 _a[Madrid, España] :
_bGalaxia Gutenberg,
_c2011
300 _a304 páginas
490 _aEnsayo
650 _aPolitical Science (General)
856 _uhttps://public.digitaliapublishing.com/a/28791
942 _cCF
999 _c85823
_d85823